000 00489nam a2200217 454500
001 075089
003 BD-ChCU
008 Eng
020 _ax
040 _aDLC
_cDLC
_dBD-ChCU
082 0 0 _a181.4/KOL
100 1 _aKoestler, Arthur
_bx
245 1 0 _aThe Lotus and the Robot.
_bx
250 _ax
260 _aLond.,
_bNew english Library
_c1964
300 _a318p.
504 _a
650 0 _aPhilosophy Indian
_bPhilosophy, Japanese
700 1 _ax
942 _2ddc
_cBK
999 _c75089
_d75089